000 01373nam a22003857a 4500
003 CHAP
005 20220817042456.0
008 971013s1983 r 00010 d
010 _a45783
011 _a46755
035 _a50896
040 _cCHAP
090 _aTesis
100 0 0 _aRendón Salcido, Luis Alberto.
_995937
245 _aControl hormonal de la abscisión de órganos reproductivos en Phaseolus vulgaris. L. Cv. cacahuate-72
260 _aChapingo, Méx. :
_bEl autor,
_c1983
300 _a151 h.
_b; gráfs.
502 _aTesis (M. C. Esp. en Botánica) -- Colegio de Postgraduados. Centro de Botánica
590 _aALEPH
_b10
_c20130110
_lUCH01
_h1315
590 _aBATCH-UPD
_b10
_c20130109
_lUCH01
_h2315
590 _aBATCH-UPD
_b10
_c20130110
_lUCH01
_h1553
590 _aBATCH-UPD
_b10
_c20130409
_lUCH01
_h1835
590 _aBATCH-UPD
_b10
_c20130410
_lUCH01
_h0950
590 _aBATCH-UPD
_b10
_c20130913
_lUCH01
_h1846
590 _aCONVERSION
_b10
_c20130109
_lUCH01
_h1325
650 1 4 _aAbscisión (Botánica)
_9332
650 1 4 _aFrijol
_xFisiología y morfología.
_943380
650 1 4 _aHormonas vegetales.
650 1 4 _aPlantas
_xCrecimiento
_xAditivos.
_988804
901 _aBK
942 _cFOLL
949 _bBC
_cTES
_d-114221
_eTS1
_i50896
_si
949 _bBC
_cTES
_d-114222
_eTS2
_fc.2
_i50896
_si
949 _bBC
_cTES
_d-114223
_eTS2
_fc.3
_i50896
_si
999 _c45783
_d45783